| 000 | 00745naa a22002417a 4500 | ||
|---|---|---|---|
| 001 | BR7322022 | ||
| 003 | BR-BrBNA | ||
| 005 | 20250709164618.0 | ||
| 007 | ta | ||
| 008 | 250630b bl.|||m| |||| 00| 0 por d | ||
| 040 |
_aBR-BrBNA _bpor _cBiblioteca Nacional de Agricultura |
||
| 041 | _a(Pt) | ||
| 072 |
_aK10; E70 _b3290 _bG514 |
||
| 090 | _aK10 BR7322022 | ||
| 100 | 1 | _aKumakura, K. | |
| 245 | 1 | _aRelatorio sobre a cultura do kiri no Brasil [Paulownia spp] | |
| 500 | _aAnais do seminario sobre kiri Sao Paulo, SP (Brasil): 1974. p. 90-112 (BR7322022-AMS) | ||
| 650 | _aKIRI | ||
| 650 | _aMERCADO | ||
| 490 |
_aBoletim Tecnico - Instituto Florestal (Brazil) _vno. 13 |
||
| 942 |
_cAMS _2AGRIS |
||
| 909 |
_a202506 _bLúcia _c55 _dLúcia Elande |
||
| 999 |
_c332683 _d332683 |
||